Obaly blister-pack
Charakteristika klasického obalu blister-pack. Zariadenie na výrobu obalov blister-pack. Využiteľnosť týchto obalov. Alternatívne typy obalov blister-pack.
Salvato in:
| Autore principale: | |
|---|---|
| Natura: | Capitolo di libro |
| Lingua: | ceco |
| Soggetti: | |
| Tags: |
Nessun Tag, puoi essere il primo ad aggiungerne!!
|
MARC
| LEADER | 00000naa$a2200000$$$4500 | ||
|---|---|---|---|
| 001 | 0114074 | ||
| 005 | 20231129095355.1 | ||
| 041 | 0 | |a cze | |
| 044 | |a CZ | ||
| 245 | 1 | 0 | |a Obaly blister-pack |c Miloslav Vítek |
| 520 | |a Charakteristika klasického obalu blister-pack. Zariadenie na výrobu obalov blister-pack. Využiteľnosť týchto obalov. Alternatívne typy obalov blister-pack. | ||
| 610 | 2 | 0 | |a obaly |
| 610 | 2 | 0 | |a balenie |
| 610 | 2 | 0 | |a technika obalová |
| 610 | 2 | 0 | |a technológie nové |
| 610 | 2 | 0 | |a tovar spotrebný |
| 100 | 1 | |a Vítek, Miloslav | |